| 000 | 00814cam a22002414a 4500 | ||
|---|---|---|---|
| 001 | 12568502 | ||
| 005 | 20180205041055.0 | ||
| 008 | 011025s2002 nyuab b 001 0 eng | ||
| 010 | _a 2001054821 | ||
| 020 | _a1572307072 (alk. paper) | ||
| 040 |
_aDLC _cDLC _dDLC |
||
| 041 | _aeng | ||
| 042 | _apcc | ||
| 080 | _a614.420285 CRO | ||
| 082 | 0 | 0 |
_a614.420285 CRO _221 |
| 100 | 1 | _a42 | |
| 101 | _aGJEO | ||
| 245 | 1 | 0 |
_aGIS and public health / _cEllen K. Cromley, Sara L. McLafferty. |
| 504 | _aIncludes bibliographical references (p. 301-328) and index. | ||
| 906 |
_a7 _bcbc _corignew _d1 _eocip _f20 _gy-gencatlg |
||
| 942 |
_2ddc _cBK |
||
| 999 |
_c41734 _d41734 |
||